000 00752nam a2200217Ia 4500
005 20220215100615.0
008 210716s2009 xx 000 0 und d
020 _a9788180545405
040 _cAIMIT LIBRARY
041 _aeng
082 _a658.001
_219
_bVARR
100 _aVarshney, R. L.
_919429
245 _aManagerial economics:
_btext problems and cases /
_cBy R.L.Varshney and K.L.Maheshwari.
250 _a19th
_bNineteenth Revised and Enlarged Edition.
260 _aNew Delhi :
_bSulthan Chand and Sons ,
_c2009 .
300 _axx,684, A-169p. ;
_c24 cm.
650 _aProfit Management
_919430
650 _aLinear Programming for Economic Analysis
_919431
700 _aMaheshwari, K.L.
_919432
942 _2ddc
_cBK
_e19th
_k658.001 VARR
999 _c204563
_d204563